000 00729nam a2200241Ia 4500
003 OSt
005 20220918230034.0
006 a|||||r|||| 00| 0
007 ta
008 220917b |||||||| |||| 00| 0 eng d
024 _a247,901
037 _cTextual
040 _aARTS
_cARTS
_beng
041 _2eng
_aeng
082 _aX9J:523.N3, K7
100 _aMathias Peter
245 0 _aRelating Revolution
_b A history of mulitiple retailing in the food tranes based upon the allied suppliers group of companies
260 _aLondon
_bLongsmans , Green and Co. Ltd. U K
_c1967
300 _a425p.
_ccm.
650 _aECONOMICS
942 _hX9J:523.N3, K7
_cTEXL
_2CC
999 _c286835
_d286835